Proyecto educativo, evangelización y ciencia

Guardat en:
Dades bibliogràfiques
Autor corporatiu: Pontificia Universidad Javeriana (Autor)
Format: Llibre
Idioma:espanyol
Publicat: Bogotá Pontificia Universidad Javeriana 1996
Edició:1a. ed
Col·lecció:Colección Fe y Universidad, 3
Matèries:
Etiquetes: Afegir etiqueta
Sense etiquetes, Sigues el primer a etiquetar aquest registre!

MARC

LEADER 00000nam a2200000 a 4500
001 UCI0017
003 CL-VaPUC
008 070420e19960000CK |||||||||||||||||spa|d
082 0 4 |a 378.07  |b PON  |2 21 
110 2 |a Pontificia Universidad Javeriana  |e author  |9 520071 
245 1 0 |a Proyecto educativo, evangelización y ciencia 
246 1 0 |a Informe de los foros de antropología: reflexión sobre la coherencia entre el proyecto educativo javeriano, el perfil profesional y el plan de estudios de las carreras 
250 |a 1a. ed 
300 |a 140 p 
942 |c BK 
945 |d 20070420 00:00:00  |a cmena 
260 |a Bogotá  |b Pontificia Universidad Javeriana  |c 1996 
650 0 |a Universidades  |9 256317 
650 0 |a Educación religiosa   |9 308312 
650 0 |a Juventud  |9 271073 
650 7 |a EVANGELIZACION  |2 CL-VaPUC  |9 520072 
650 0 |a Educación moral  |9 308319 
650 0 |a Planificación del currículo  |9 269599 
583 |a last modification  |c 20130304 01:46:17  |k Rodrigo Vera 
490 0 |a Colección Fe y Universidad, 3 
999 |c 325314  |d 325312 
952 |0 0  |1 0  |4 0  |6 378_070000000000000_PON_1996  |7 0  |8 A  |9 406041  |a BIBTEO  |b BIBTEO  |d 2019-11-22  |i 4330285  |o 378.07 PON 1996  |p 4330285  |r 2025-01-17  |w 2019-11-22  |y BK  |k ICR